Kế toán tài chính
Đã lưu trong:
| Tác giả chính: | |
|---|---|
| Định dạng: | Sách |
| Được phát hành: |
TP. Hồ Chí Minh
Kinh tế
2015
|
| Các nhãn: |
Thêm thẻ
Không có thẻ, Là người đầu tiên thẻ bản ghi này!
|
| Thư viện lưu trữ: | Trung tâm Học liệu Lê Vũ Hùng, Trường Đại học Đồng Tháp |
|---|
| LEADER | 00558aam a22001818a 4500 | ||
|---|---|---|---|
| 001 | 00038027 | ||
| 005 | 20171026081023.0 | ||
| 008 | 170515s2015 ||||||Viesd | ||
| 041 | 0 | # | |a Vie |
| 082 | 1 | 4 | |a 657 |b K250T |
| 100 | 1 | # | |a Võ, Thị Nhị |e Chủ biên |
| 245 | 1 | 0 | |a Kế toán tài chính |c Võ Thị Nhị |
| 260 | # | # | |a TP. Hồ Chí Minh |b Kinh tế |c 2015 |
| 300 | # | # | |a 906tr. |c 24 cm |
| 852 | # | # | |b Kho đọc |j KD.1001529 |
| 910 | |d 15/05/2017 | ||
| 980 | # | # | |a Trung tâm Học liệu Lê Vũ Hùng, Trường Đại học Đồng Tháp |